| 000 | 00000nam 2200000za 4500 |
| 001 | 9.837781 |
| 003 | CaOODSP |
| 005 | 20231208112858 |
| 007 | cr ||||||||||| |
| 008 | 170606s2015 onc ob f000 0 eng d |
| 040 | |aCaOODSP|beng |
| 043 | |an-cn--- |
| 086 | 1 |aPS83-3/354E-PDF |
| 100 | 1 |aHelmus, Leslie. |
| 245 | 10|aTemporary absences reduce unemployment and returns to custody for women offenders |h[electronic resource] / |cLeslie Helmus and Marguerite Ternes. |
| 260 | |aOttawa : |bCorrectional Service of Canada, |c2015. |
| 300 | |av, 18 p. : |btables. |
| 490 | 1 |aResearch report ; |vR-354 |
| 500 | |aIssued also in French under title: Les permissions de sortir réduisent le chômage et la réincarcération chez les délinquantes. |
| 500 | |a"June 2015." |
| 504 | |aIncludes bibliographical references. |
| 520 | |aThe purpose of the study was to examine who received temporary absences (TA) and to explore the impact of participating in TAs on community outcomes for women offenders. |
| 692 | 07|2gccst|aInmates |
| 692 | 07|2gccst|aWomen |
| 692 | 07|2gccst|aIntegration |
| 700 | 1 |aTernes, Marguerite. |
| 710 | 1 |aCorrectional Service Canada. |bResearch Branch. |
| 775 | 08|tLes permissions de sortir réduisent le chômage et la réincarcération chez les délinquantes |w(CaOODSP)9.837786 |
| 830 | #0|aResearch report (Correctional Service Canada. Research Branch)|vR-354|w(CaOODSP)9.506063 |
| 856 | 40|qPDF|s401 KB|uhttps://publications.gc.ca/collections/collection_2017/scc-csc/PS83-3-354-eng.pdf |